Malá kniha keltských požehnání /

Hlavní autor: Matthews, Caitlin, 1952-
Další autoři: Strnad, Zdeněk
Jazyk: Čeština
Vydáno: Praha : Volvox Globator, 1996
Edice: Malá kniha
Témata:
Fyzický popis: 48 s. : barev. il. ; 13 cm
Knihy
Uloženo v:
LEADER 01140nam a2200337 a 4500
001 000125301
003 CZ BrMZK
005 20220209060327.0
007 ta
008 960815s1996 xr e cze d
015 |a cnb000183701 
020 |a 80-7207-004-5 
035 |a (OCoLC)37674968 
040 |a BOA001  |b cze 
072 7 |a 25  |x Náboženství, mytologie, kulty  |2 Konspekt  |9 5 
080 |a 257.6  |2 MRF 
080 |a 2-546.2  |2 MRF 
080 |a (082)  |2 MRF 
100 1 |a Matthews, Caitlin,  |d 1952-  |7 jn19981001827  |4 com 
245 1 0 |a Malá kniha keltských požehnání /  |c vybrala a sestavila Caitlín Matthewsová ; [přeložil Zdeněk Strnad]. 
260 |a Praha :  |b Volvox Globator,  |c 1996 
300 |a 48 s. :  |b barev. il. ;  |c 13 cm 
490 1 |a Malá kniha 
650 0 7 |a keltská náboženství  |7 ph221304  |2 czenas 
650 0 7 |a žehnání  |7 ph124485  |2 czenas 
655 7 |a sborníky  |7 fd163935  |2 czenas 
700 1 |a Strnad, Zdeněk  |7 jn20010310320  |4 trl 
830 0 |a Malá kniha 
910 |a BOA001  |b 1-1028.533 
990 |a BK 
996 6 |b 2610046493  |c 1-1028.533  |l MZK  |r Sklad / do 1 hodiny  |n 7  |p p.v.  |w 000125301  |u 000010  |a 1  |e BOA001  |j MZK50  |s P